Sharp rise in tender prices (Record no. 71330)

MARC details
000 -LEADER
fixed length control field 00695cam a2200193 4500
001 - CONTROL NUMBER
control field WB3837-02
008 - FIXED-LENGTH DATA ELEMENTS--GENERAL INFORMATION
fixed length control field 021009n2002 000 0 eng u
035 ## - SYSTEM CONTROL NUMBER
System control number (Sirsi) u120047
245 ## - TITLE STATEMENT
Title Sharp rise in tender prices
260 ## - PUBLICATION, DISTRIBUTION, ETC.
Date of publication, distribution, etc. 2002
490 ## - SERIES STATEMENT
Series statement BCIS Press Release
Volume/sequential designation October 2002, (2)
520 ## - SUMMARY, ETC.
Summary, etc. Latest BCIS figures show that price of new construction work rose sharply in Q2 2002 compared with year earlier. Tender prices rose well ahead of inflation. Tender Price Index and Forecast are available from BCIS t +44 (0)20 7695 1501.
590 ## - LOCAL NOTE (RLIN)
Local note WB
650 ## - SUBJECT ADDED ENTRY--TOPICAL TERM
Topical term or geographic name entry element TENDER PRICES
650 ## - SUBJECT ADDED ENTRY--TOPICAL TERM
Topical term or geographic name entry element COSTS
650 ## - SUBJECT ADDED ENTRY--TOPICAL TERM
Topical term or geographic name entry element CONSTRUCTION FORECASTS
690 ## - LOCAL SUBJECT ADDED ENTRY--TOPICAL TERM (OCLC, RLIN)
Topical term or geographic name as entry element BUILT ENVIRONMENT
942 ## - ADDED ENTRY ELEMENTS (KOHA)
Suppress in OPAC 0
Holdings
Withdrawn status Lost status Source of classification or shelving scheme Damaged status Not for loan Home library Current library Shelving location Date acquired Total Checkouts Full call number Barcode Date last seen Copy number Price effective from Koha item type
    Dewey Decimal Classification     London London News article 09/10/2002   WB3837-02 120047-1001 06/08/2019 1 06/08/2019 News article